ბათუმის შოთა რუსთაველის სახელმწიფო უნივერსიტეტის ბიბლიოთეკა

1924 წლის აჯანყება: (ბიბ.ჩანაწერი № 63187)

000 -ლიდერი
ფიქსირებული სიგრძის საკონტროლო ველი 01787nam a22002537a 4500
003 - საკონტროლო ნომრის იდენტიფიკატორი
საკონტროლო ველი Ge_BSU
005 - ბოლო ოპერაციის თარიღი და დრო
საკონტროლო ველი 20250623110830.0
008 - ფიქსირებული სიგრძის მონაცემთა ელემენტები - ზოგადი ინფორმაცია
ფიქსირებული სიგრძის საკონტროლო ველი 250623s2024 ge ||||| |||| 00| 0 geo d
020 ## - წიგნის საერთაშორისო სტანდარტული ნომერი
International Standard Book Number 9789941867804
041 ## - ენის კოდი
Language code of text/sound track or separate title geo
080 ## - უნივერსალური ათობითი კლასიფიკაციის ინდექსი
Universal Decimal Classification number 94(479.22)"1924" ლ-57
100 ## - მთავარი ჩანაწერი - პიროვნების სახელი
Personal name ლი, ერიკ
9 (RLIN) 25484
245 ## - ცნობა სათაურის შესახებ
Title 1924 წლის აჯანყება:
Remainder of title საქართველო და დემოკრატიული სოციალიზმის დაბადება /
Statement of responsibility, etc ერიკ ლი; თარგმანი ნინო ბარძიმიშვილი; სამეცნიერო რედაქტორი ირაკლი ირემაძე; ყდის დიზაინი გვანცა მახათაძე.
264 ## - წარმოების, გამოცემის, დისტრიბუციის და სხვა ცნობები
გამოცემის, წარმოების, დისტრიბუციის... ადგილი თბილისი :
გამოცემის, წარმოების, დისტრიბუციის... სახელწოდება ზიარი,
გამოცემის, წარმოების, დისტრიბუციის... თარიღი 2024.
300 ## - ფიზიკური აღწერა
Extent 310 გვ. ;
Other physical details ილ. ;
Dimensions 21 სმ.
500 ## - ზოგადი შენიშვნა
General note პროექტი განხორციელდა ფრიდრიხ ებერტის ფონდის ხელშეწყობით.
ეძღვნება ქართველ ხალხს.
501 ## - შენიშვნა თანმხლებ მასალაზე
With note შენიშვნები: გვ. 290-300.
პირთა საძიებელი: გვ. 303-307.
504 ## - BIBLIOGRAPHY, ETC. NOTE
Bibliography, etc ბიბლიოგრაფია: გვ. 285-289.
653 ## - INDEX TERM--UNCONTROLLED
Uncontrolled term 1924 წლის აჯანყება საქართველოში
700 ## - ADDED ENTRY--PERSONAL NAME
Personal name ბარძიმიშვილი, ნინო
Relator term მთარგმნელი
9 (RLIN) 47
700 ## - ADDED ENTRY--PERSONAL NAME
Personal name ირემაძე, ირაკლი
Relator term სამეცნიერო რედაქტორი
9 (RLIN) 25485
700 ## - ADDED ENTRY--PERSONAL NAME
Personal name მახათაძე, გვანცა
Relator term ყდის დიზაინერი
9 (RLIN) 25486
942 ## - ADDED ENTRY ELEMENTS (KOHA)
Source of classification or shelving scheme
Koha item type წიგნი
ეგზემპლარები
ჩამოწერის სტატუსი დაკარგული ეგზემპლარის სტატუსი კლასიფიკაციის წყარო ან თაროზე გაწყობის სქემა დაზიანების სტატუსი არ გაიცემა მუდმივი მდებარეობა (დაცვის ადგილი) ამჟამინდელი ადგილსამყოფელი თაროზე განთავსების ადგილი შეძენის თარიღი ღირებულება, შესყიდვის ნორმალური ფასი სრული შენახვის შიფრი შტრიხკოდი ბოლო ოპერაციის თარიღი ეგზემპლარის მიმდევრობითი ნომერი (კეტერი?) ფასის ძალაში შესვლის თარიღი ეგზემპლარის სახეობა საჯარო შენიშვნა
          ბათუმის შოთა რუსთაველის სახელმწიფო უნივერსიტეტის მთავარი ბიბლიოთეკა ბათუმის შოთა რუსთაველის სახელმწიფო უნივერსიტეტის მთავარი ბიბლიოთეკა წიგნსაცავი 2025-06-23 12.60 94(479.22) ლ-57 71922 2025-06-23 71922 2025-06-23 წიგნი 12 ლ. 60 თ.
          ბათუმის შოთა რუსთაველის სახელმწიფო უნივერსიტეტის მთავარი ბიბლიოთეკა ბათუმის შოთა რუსთაველის სახელმწიფო უნივერსიტეტის მთავარი ბიბლიოთეკა წიგნსაცავი 2025-06-23 12.60 94(479.22) ლ-57 71921 2025-06-23 71921 2025-06-23 წიგნი 12 ლ. 60 თ.